Prueba sobre la Comunidad de Madrid (larga) - Estadísticas

Estadísticas generales
  • Esta prueba ha sido intentada 302 veces
  • La puntuación promedio es 10 de 15
Estadísticas de respuestas
Pregunta Respuesta % Correcto
¿Cuál es la capital de la Comunidad de Madrid? Madrid
100%
¿En la tabla de PIB y economía de las C. Autónomas, en qué puesto de encuentra Madrid? 1
94%
¿Madrid tiene un dialecto o idioma propio aparte del idioma español? No
92%
¿Cómo se llama la actual presidenta de la comunidad? Isabel Natividad Díaz Ayuso
90%
¿Cuál es el parque más famoso de Madrid? Retiro
90%
¿Cómo se llama el político de la transición a la democracia española que da nombre al aeropuerto de Madrid? Adolfo Suárez
86%
¿Cómo se llama el lugar en el que viven los presidentes? Moncloa
85%
¿Cuál es la mayor plaza de Madrid? Plaza Mayor
81%
¿Cuál es el famoso monumento en el que se dan las campanadas de fin de año? Puerta Del Sol
80%
¿Cuál es el plato más típico de la cocina madrileña? Cocido Madrileño
77%
¿En el Metro de Madrid, que estación ya no funciona y actualmente es un museo? Chamberí
56%
¿Cuál es el municipio más rico de Madrid y de España? Pozuelo de Alarcón
48%
¿Cuántos municipios tiene la comunidad/provincia de Madrid? 179
35%
¿Qué monumento da nombre al barrio de Palacio? Palacio Real De Madrid
7%
¿Cómo se llama el restaurante mas antiguo del mundo, que está ubicado en Madrid? Sobrino de Botín
6%
No se encontraron pruebas coincidentes
Distribución de puntuación
Porcentaje de gente con cada puntuación
Porcentaje por número respondido
Historial de tus puntuaciones
No has intentado esta prueba.